000 00372nam a2200157Ia 4500
003 OSt
005 20231123062442.0
008 170524s9999 xx 000 0 und d
020 _a0-19-568431-1
040 _cIIMT
100 _aRaghubalan G.
245 0 _aHotel Housekeeping Operations and Management
260 _bOxford university
260 _c2007
942 _2ddc
_c02
999 _c7505
_d7505